| 000 | 01188cam a2200301 a 4500 | ||
|---|---|---|---|
| 001 | 17464099 | ||
| 005 | 20170105102846.0 | ||
| 008 | 120914s2013 nyuab b 001 0 eng | ||
| 010 | _a 2012035542 | ||
| 020 | _a9780415899710 (hbk. : alk. paper) | ||
| 020 | _a9780415899727 (alk. paper) | ||
| 040 |
_aDLC _cDLC _dDLC |
||
| 042 | _apcc | ||
| 043 |
_an-us--- _anwcu--- |
||
| 050 | 0 | 0 |
_aE841 _b.G395 2013 |
| 082 | 0 | 0 |
_a972.9106 GEO 2013 _223 |
| 100 | 1 |
_aGeorge, Alice L., _d1952- |
|
| 245 | 1 | 4 |
_aThe Cuban missile crisis : _bthe threshold of nuclear war / _cby Alice L. George. |
| 260 |
_aNew York ; _aLondon : _bRoutledge, _c2013. |
||
| 300 |
_axvi, 189 p. : _bill., map ; _c24 cm. |
||
| 490 | 0 | _aCritical moments in American history | |
| 504 | _aIncludes bibliographical references (p. [180]-185) and index. | ||
| 505 | 0 | _aThe chill of the nuclear age -- Kennedy and Khrushchev -- The ticking clock -- A world on edge -- Into the dark -- Moving ahead, looking back. | |
| 650 | 0 | _aCuban Missile Crisis, 1962. | |
| 906 |
_a7 _bcbc _corignew _d1 _eecip _f20 _gy-gencatlg |
||
| 942 |
_2ddc _cBK |
||
| 999 |
_c14063 _d14063 |
||